Statistics for Meat: The animal that corresponds to each type of meat

Click here to take the quiz!

General Stats

  • This quiz has been taken 3,221 times
    (3,215 since last reset)
  • The average score is 7 of 8

Answer Stats

Type of MeatAnimal% Correct
BeefCow
100%
BaconPig
100%
PoultryChicken
97%
VenisonDeer
88%
MuttonSheep
88%
BisonBuffalo
77%
VealBaby Calve
71%
ChevonGoat
49%

Score Distribution

Percentile by Number Answered

Percent of People with Each Score

Your Score History

You have not taken this quiz since the last reset